Deutsche Spieler mit den meisten Einsätzen in der Serie A - Statistiken

Allgemein
  • Dieses Quiz wurde 137 mal gespielt
  • Das Durchschnittsergebnis liegt bei 8 aus 20
Antwortstatistiken
Spiele Zeitraum Vereine Spieler % Korrekt
192 seit 2017 Atalanta, Inter, Florenz Robin Gosens
93%
139 2011–2016 Lazio Rom Miroslav Klose
87%
116 1988–1992 Inter Lothar Matthäus
82%
99 2015–2021 Juventus Sami Khedira
78%
142 1987–1992 AS Rom Rudi Völler
72%
220 1991-2003* Ascoli, Udinese, AC Mailand, Chievo Oliver Bierhoff
65%
116 1988–1992 Inter Andreas Brehme
64%
103 1989–1998* Inter, Sampdoria Jürgen Klinsmann
61%
102 1991–1995 Juventus Jürgen Kohler
36%
120 1990-1994 Juventus, AS Rom Thomas Häßler
30%
284 1963-1974 AC Mantua, AS Rom,AC Mailand Karl-Heinz Schnellinger
29%
131 2019-2024 Sassuolo Jeremy Toljan
25%
106 1984-1988 Hellas, Sampdoria Hans-Peter Briegel
24%
295 1962-1973 FC Bologna, Juventus Helmut Haller
22%
114 1987-1991 Hellas, AS Rom Thomas Berthold
19%
126 2018-2024 CFC Genua, Hellas Verona, Sampdoria Koray Günter
15%
107 1962-1968 FC Modena, Brescia Albert Brülls
4%
96 2020–2023 Udinese Tolgay Arslan
4%
127 1952–1957 FC Turin Horst Buhtz
1%
115 1949-1954 AC Florenz, AC Novara Ludwig Janda
0%
Keine übereinstimmenden Quizze gefunden
Verteilung der Resultate
Anzahl Personen mit jedem Resultat
Perzentil nach korrekt beantworteten Fragen
Ihre Resultats-Entwicklung
Sie haben dieses Quiz noch nicht gespielt